Improving Managerial Performance /

সংরক্ষণ করুন:
গ্রন্থ-পঞ্জীর বিবরন
প্রধান লেখক: Rowland, Virgil K.
বিন্যাস: Sách giấy
ভাষা:English
প্রকাশিত: New York : Harper & Brothers, 1958.
ট্যাগগুলো: ট্যাগ যুক্ত করুন
কোনো ট্যাগ নেই, প্রথমজন হিসাবে ট্যাগ করুন!
Thư viện lưu trữ: Thư viện Trường Đại học Đà Lạt
LEADER 00624nam a2200265 4500
001 DLU100107997
005 ##20100524
040 # # |a DLU  |b vie 
041 # # |a eng 
044 # # |a us 
082 # # |a 658.407  |b RO-V 
100 # # |a Rowland, Virgil K. 
245 # # |a Improving Managerial Performance /  |c Virgil K. Rowland. 
260 # # |a New York :  |b Harper & Brothers,  |c 1958. 
300 # # |a xviii, 167 p. ;  |c 21 cm. 
923 # # |a 100/2010 
992 # # |a 0 
994 # # |a DLU 
900 # # |a True 
911 # # |a Lý Thị Hồng Hạnh 
925 # # |a G 
926 # # |a A 
927 # # |a SH 
980 # # |a Thư viện Trường Đại học Đà Lạt